000 00520nab a2200157Ia 4500
003 ES-SlBCS
005 20210601124314.0
008 140529s1984 xxu||||| |||| 00| 0 eng d
041 _aeng
100 1 _aBoyd, Dwight
_9139467
245 0 0 _aSomething Clarified, Nothing of Value: A Rethorical Critique of Values Clarification
_c Dwight Boyd, Deanna Bogdan
650 0 4 _aEvaluar
_9139468
700 1 _aBogdan, Deanna
_9139469
773 0 _tEducational Theory
_gvol. 34, nº. 3, 1984, págs. 287-300
_wRev1399
942 _cAR
999 _c512630
_d512630